| 000 | 00367nam a2200145Ia 4500 | ||
|---|---|---|---|
| 008 | 231217s9999 xx 000 0 und d | ||
| 041 | _aEnglish | ||
| 082 | _a001.6404 VEN;1 | ||
| 100 | _aVenugopal, K R Rajkumar | ||
| 245 | 0 | _aMicroprocessor X86 programming | |
| 260 |
_c1995 _bNew Delhi : BPB, |
||
| 300 | _axvii+703 | ||
| 650 | _aMicroprocessor | ||
| 942 | _cAA | ||
| 999 |
_c163846 _d163846 |
||